| 000 | 00826nam a2200217Ia 4500 | ||
|---|---|---|---|
| 001 | 16847 | ||
| 003 | GE_BSU | ||
| 008 | 181216s||||||||xx |||||||||||||| ||und|| | ||
| 040 | _cGE_BSU | ||
| 080 | _a821.353.1-11 | ||
| 100 | _aგურამიშვილი, დავით (1705-1792) | ||
| 245 | _aთხზულებათა სრული კრებული. დავითიანი | ||
| 260 | _aთბილისი | ||
| 260 | _bსახელგამი | ||
| 260 | _c1955 | ||
| 300 | _a386გვ. : ილ. ; 26სმ. | ||
| 300 | _eდანართი: ტექსტისათვის, გვ. 301-305.ბიბლიოგრ.: გვ. 306-311 | ||
| 653 | _aდავითიანი | ||
| 653 | _aთხზულებათა სრული კრებული | ||
| 942 | _cBK | ||
| 999 |
_c49911 _d49911 |
||